1706 1976 1260 1957 1224 1837 1197 1659 1224 1785 1241 1063 1270 1877 1463 1557 1356 1650 1066 1680 1361 1296 1330 1375 1557 1664 1812 1653 1541 1401 1281 1173 1491 1253 1428 1848 1449 1347 1099 1333 1883 1455 1723 1777 1638 1268 1135 1556 1264 1183 1742 1482 1174 1971 1552 1931 1300 1128 1493 1287 1083 1049 1997 1845 1414 1953 1058 1347 1263 1507 1621 1249 1823 1944 1282 1446 1786 1584 1100 1042 1457 1671 1430 1749 1335 1509 1693 1877 1135 1832 1050 1783 1774 1619 1796 1389 1657 1768 1077 BCNSPRNW ULIB Ver.6.0+V

เปลี่ยนเป็นภาษาไทย

Change to English
 แสดงรายละเอียดบรรณานุกรม
  กลับหน้าหลัก

Brief Record : Get Marc (ISO 2709) : E-mail record : QR code < ปิดหน้าต่าง
LEADER : 00000nam 2200000uu 4500
001    13399111690
003     ULIB
008    110706s2553||||th 000 0 tha d
020    9789744752888
090    นว.^bป111ส
100 0  ป.ศิลา
245 00 สะดุดรักกลางใจ /^cป.ศิลา
260    กรุงเทพฯ :^bPrincess,^c2553
300    416 หน้า
945    ^p250^l0^i18283
995     เกษร
999    ^aใช้งานได้ทุกระบบ
รายการนี้ยังไม่มีแท็ก
คุณยังไม่ได้ล็อกอิน คุณสามารถมีกิจกรรมร่วมกับเว็บไซต์ได้ แต่ต้องล็อกอินก่อน ::
  ล็อกอิน

รายการสื่อสารสนเทศ

ลำดับที่ ประเภท เลขเรียก/บาร์โค้ด สถานที่ สถานะ
1. นวนิยาย
นวนิยาย
นว. ป111ส  
  Barcode: 18283
ห้องสมุดวิทยาเขตสวรรค์ประชารักษ์
►นวนิยาย
บนชั้น
  ขอยืม

รายการใกล้เคียง
    ผู้แต่ง [ป.ศิลา]

BibComment


ยังไม่เคยถูกคอมเมนท์

คอมเมนท์ทรัพยากรรายการนี้
  คอมเมนท์: สะดุดรักกลางใจ ป..


 Copyright 2026. Bcnsprnw @Library